[Event "Tromsoesjakken op"]
[Site "Tromsoe"]
[Date "2007.11.16"]
[Round "1"]
[White "Forsaa, Elise"]
[Black "Bolstad, Fredrik"]
[Result "1-0"]
[WhiteElo "1182"]
[BlackElo "1230"]
[PlyCount "120"]
[EventDate "2007.11.16"]
[EventType "swiss"]
[EventRounds "5"]
[EventCountry "NOR"]
[SourceTitle "EXT 2010"]
[Source "ChessBase"]
[SourceDate "2010.11.25"]
[SourceVersion "1"]
[SourceVersionDate "2010.11.25"]
[SourceQuality "1"]

1. e4 c5 2. Nf3 Nc6 3. d4 cxd4 4. Nxd4 g6 5. c4 Bg7 6. Be3 Nf6 7. f3 Qb6 8. Qd2 Ng4 9. fxg4 Nxd4 10. Kd1 d5 11. h3 dxe4 12. Nc3 e5 13. Nxe4 0-0 14. Bxd4 exd4 15. c5 Qc7 16. b4 f5 17. gxf5 Bxf5 18. Nd6 Kh8 19. g4 Bd7 20. Bc4 Bc6 21. Re1 Ba4+ 22. Kc1 d3 23. Rb1 Bc2 24. Rb3 Rf2 25. Qxf2 Bh6+ 26. Kb2 Qg7+ 27. Ka3 Rf8 28. Nf7+ Rxf7 29. Qxf7 Qxf7 30. Bxf7 d2 31. Ra1 d1Q 32. Rxd1 Bxd1 33. Rb1 Bc2 34. Re1 Bd2 35. Rf1 Kg7 36. Kb2 Bd3 37. Rf3 Be4 38. Rf2 Be3 39. Re2 Bd4+ 40. Kb3 Bf3 41. Rd2 Be3 42. Rd3 Kxf7 43. Rxe3 Bd5+ 44. Kb2 a6 45. a4 Bc6 46. Kb3 Kf6 47. h4 g5 48. h5 h6 49. a5 Kf7 50. Kc4 Kf6 51. Re1 Bg2 52. Rd1 Bc6 53. Rd6+ Kg7 54. Rg6+ Kh7 55. Rxc6 bxc6 56. Kd4 Kg7 57. Ke5 Kf7 58. Kd6 Kf6 59. Kxc6 Ke5 60. Kb7 Kf4 1-0

[Event "Tromsoesjakken op"]
[Site "Tromsoe"]
[Date "2007.11.16"]
[Round "3"]
[White "Johansen, Paul Ivar"]
[Black "Bolstad, Fredrik"]
[Result "0-1"]
[WhiteElo "631"]
[BlackElo "1230"]
[PlyCount "76"]
[EventDate "2007.11.16"]
[EventType "swiss"]
[EventRounds "5"]
[EventCountry "NOR"]
[SourceTitle "EXT 2010"]
[Source "ChessBase"]
[SourceDate "2010.11.25"]
[SourceVersion "1"]
[SourceVersionDate "2010.11.25"]
[SourceQuality "1"]

1. d4 Nf6 2. c4 e6 3. Nf3 b6 4. Nc3 Bb7 5. e3 Be7 6. Be2 0-0 7. 0-0 d5 8. Nd2 Nbd7 9. Qc2 c5 10. b3 Rc8 11. Nf3 a6 12. Re1 cxd4 13. exd4 Bb4 14. Bd2 Bxc3 15. Bxc3 Rc7 16. Rac1 Qc8 17. Bd3 dxc4 18. bxc4 h6 19. Ne5 Nxe5 20. Rxe5 b5 21. c5 Ng4 22. Rh5 e5 23. Be2 exd4 24. Bb4 Re8 25. Bd3 Ne5 26. Bf5 Qa8 27. Bh7+ Kh8 28. Rh3 Rd7 29. Bf5 Rdd8 30. f4 Nc4 31. Qf2 Be4 32. Bxe4 Qxe4 33. Re1 Qd5 34. f5 a5 35. Bd2 Nxd2 36. Rxe8+ Rxe8 37. Qxd2 Qxf5 38. Qxd4 Re1# 0-1